|
|
|
|
| LEADER |
00556cam a2200157ua 4500 |
| 008 |
100616t2009||||||||||| 00 ||||| c |
| 082 |
|
|
|a 613.042 43
|b KUM/F
|
| 245 |
1 |
0 |
|a Female youth health management: problems, diseases and marriage /
|
| 260 |
|
|
|a New Delhi:
|b Deep & Deep,
|c 2009.
|
| 300 |
|
|
|a 423p..
|
| 362 |
1 |
|
|a 2009.
|
| 650 |
0 |
|
|a Helth management-Female
|
| 700 |
0 |
2 |
|a Kumar,, R.
|
| 942 |
|
|
|c BK
|
| 999 |
|
|
|c 22365
|d 22365
|
| 952 |
|
|
|0 0
|1 0
|4 0
|6 613_042000000000000_43_KUM
|7 0
|9 23703
|a KUCL
|b KUCL
|d 2014-05-23
|l 3
|o 613.042 43 KUM/
|p 22825
|r 2016-07-02
|s 2016-06-04
|w 2014-05-23
|y BK
|